Rust podniku : Pruvodce pro malé a střední podnikatele. Z angl.orig /

Enregistré dans:
Détails bibliographiques
Auteur principal: Gray, Colin (Auteur)
Format: Livre
Langue:slovaque
Publié: Praha : Readers International Prague, 1993
Sujets:
Tags: Ajouter un tag
Pas de tags, Soyez le premier à ajouter un tag!

MARC

LEADER 00000nam a22000003a 4500
001 stu21986
005 20150617225750.7
008 931208s1993----cs------------------slo-d
020 |a 80-901454-2-6 
040 |a STU  |b slo 
041 0 |a slo 
044 |a cs 
080 |a 334.012.23 
100 1 |a Gray, Colin  |4 aut 
245 1 |a Rust podniku :  |b Pruvodce pro malé a střední podnikatele. Z angl.orig /  |c [aut.]Gray,Colin 
260 |a Praha :  |b Readers International Prague,  |c 1993 
300 |a 163 s :  |b Tab.,grafy 
650 7 |a rast ekonomický  |2 stusub 
996 |b 284J016309  |c J*91054  |l JJSK  |s A  |a 24  |w stu21986_0001 
996 |b C92256  |c C*92256  |l CCXIV  |s P  |a 0  |w stu21986_0002 
996 |b C92275  |c C*92275  |l CCXIV  |s P  |a 0  |w stu21986_0003